Britain in Europe : (Record no. 18296)
[ view plain ]
| 000 -LEADER | |
|---|---|
| fixed length control field | 00485pam a2200157 a 4500 |
| 020 ## - INTERNATIONAL STANDARD BOOK NUMBER | |
| ISBN | 041511716X (hbk) |
| 020 ## - INTERNATIONAL STANDARD BOOK NUMBER | |
| ISBN | 0415117178 (pbk) |
| 040 ## - CATALOGING SOURCE | |
| Transcribing agency | DLC |
| 082 00 - DEWEY DECIMAL CLASSIFICATION NUMBER | |
| Classification number | 306 ROU 1997 C141 Or. |
| 245 00 - TITLE STATEMENT | |
| Title | Britain in Europe : |
| Remainder of title | an introduction to sociology / |
| 260 ## - PUBLICATION, DISTRIBUTION, ETC. (IMPRINT) | |
| Place of publication | London ; |
| -- | New York : |
| Name of publisher | Routledge, |
| Year of publication | 1997. |
| 300 ## - PHYSICAL DESCRIPTION | |
| Number of Pages | xvi, 485 p. : |
| Other physical details | ill., maps ; |
| Dimensions | 26 cm. |
| 700 1# - ADDED ENTRY--PERSONAL NAME | |
| Personal name | Spybey, Tony. |
| 856 42 - ELECTRONIC LOCATION AND ACCESS | |
| Uniform Resource Identifier | http://www.loc.gov/catdir/enhancements/fy0649/96045444-d.html |
| 942 ## - ADDED ENTRY ELEMENTS (KOHA) | |
| Koha item type | ADB |
| 952 ## - LOCATION AND ITEM INFORMATION (KOHA) | |
| Withdrawn status [LOCAL, KOHA] | 0 |
| Source of acquisition | Permanent Location | Date acquired | Koha item type | Lost status | Shelving location | Current Location | Full call number |
|---|---|---|---|---|---|---|---|
| A38971 | Library Block C | 2019-10-09 | សៀវភៅភាសាអង់គ្លេស | C141 | Library Block C | 306 ROU 1997 C141 Or. |